书目信息 |
| 题名: |
国家公务员制度
|
|
| 作者: | 舒放 , 王克良 主编 | |
| 分册: | ||
| 出版信息: | 北京 中国人民大学出版社 2014 |
|
| 页数: | 285页 | |
| 开本: | 26cm | |
| 丛书名: | ||
| 单 册: | ||
| 中图分类: | D035.2 | |
| 科图分类: | ||
| 主题词: | 公务员制度--Gong Wu Yuan Zhi Du--高等教育--教材 | |
| 电子资源: | ||
| ISBN: | 978-7-300-19705-0 | |
| 000 | 01149nam0 22002771 450 | |
| 001 | 350469 | |
| 005 | 20161011142617.60 | |
| 010 | @a978-7-300-19705-0@dCNY35.00 | |
| 100 | @a20141126d2014 em y0chiy50 ea | |
| 101 | 0 | @achi |
| 102 | @aCN@b110000 | |
| 105 | @ay z 000yy | |
| 106 | @ar | |
| 200 | 1 | @a国家公务员制度@AGuo Jia Gong Wu Yuan Zhi Du@dNational civil service system@f舒放,王克良主编@zeng |
| 205 | @a3版 | |
| 210 | @a北京@c中国人民大学出版社@d2014 | |
| 215 | @a285页@d26cm | |
| 300 | @a“十二五”普通高等教育本科国家级规划教材 新编21世纪公共管理系列教材 | |
| 330 | @a本书以历史唯物主义为指导,以《公务员法》为依据,系统完整地阐述了我国公务员制度的概念、特点和基本内容,及时全面地体现了我国公务员制度的发展历程,并通过与国外主要国家公务员制度比较的方式,帮助读者完整、准确地了解和掌握公务员制度的基本理论和知识。 | |
| 510 | 1 | @aNational civil service system@zeng |
| 606 | 0 | @a公务员制度@AGong Wu Yuan Zhi Du@x高等教育@j教材 |
| 690 | @aD035.2@v5 | |
| 701 | 0 | @a舒放@AShu Fang@f(1962~)@4主编 |
| 701 | 0 | @a王克良@AWang Ke Liang@c(公务员理论)@4主编 |
| 801 | 0 | @aCN@bTANGWEI@c20160804 |
| 905 | @b0890190-4@dD035.2@e130=3@f5 | |
| 国家公务员制度=National civil service system/舒放,王克良主编.-3版.-北京:中国人民大学出版社,2014 |
| 285页;26cm |
| “十二五”普通高等教育本科国家级规划教材 新编21世纪公共管理系列教材 |
| ISBN 978-7-300-19705-0:CNY35.00 |
| 本书以历史唯物主义为指导,以《公务员法》为依据,系统完整地阐述了我国公务员制度的概念、特点和基本内容,及时全面地体现了我国公务员制度的发展历程,并通过与国外主要国家公务员制度比较的方式,帮助读者完整、准确地了解和掌握公务员制度的基本理论和知识。 |
| ● |
| 相关链接 |
|
|
|
|
正题名:国家公务员制度
索取号:D035.2/130=3
 
预约/预借
| 序号 | 登录号 | 条形码 | 馆藏地/架位号 | 状态 | 备注 |
| 1 | 0890190 | 208901900 | 第一样本阅览室/ [索取号:D035.2/130=3] | 在馆 | |
| 2 | 0890191 | 208901919 | 第一借阅区/ [索取号:D035.2/130=3] | 在馆 | |
| 3 | 0890192 | 208901928 | 第一借阅区/ [索取号:D035.2/130=3] | 在馆 | |
| 4 | 0890193 | 208901937 | 第一借阅区/ [索取号:D035.2/130=3] | 在馆 | |
| 5 | 0890194 | 208901946 | 第一借阅区/ [索取号:D035.2/130=3] | 在馆 |